Twelvesomes Quiz Stats

 Plays Quiz Updated Aug 21, 2018

Score 0/144 Timer 20:00
3 Plays Today
% Correct
January
97.4%
March
97.1%
June
97.1%
April
97.1%
May
97.1%
July
97.1%
August
97%
September
96.9%
November
96.9%
December
96.9%
October
96.8%
February
96.6%
Brazil
82.1%
Ruby
80.9%
5 golden rings
80.9%
Partridge in a pear tree
80.7%
2 turtle doves
80.2%
John
78.9%
Diamond
78.1%
Argentina
77.2%
3 French hens
76.2%
Chile
76.2%
Cancer
73.5%
Leo
72%
Emerald
71%
Peter (aka Simon Peter, aka Cephas)
70.3%
Matthew (aka Levi)
70%
Peru
69.9%
New York (Jul. 26, 1788)
69.5%
Rat
67.4%
Dragon
67%
Virginia (Jun. 25, 1788)
67%
Dog
66.8%
Gemini
66.6%
8 maids a-milking
66%
4 calling birds or collie birds
65.7%
Paraguay
64.6%
Taurus
64%
North Carolina (Nov. 21, 1789)
63.5%
Capricorn
63.4%
South Carolina (May 23, 1788)
63%
Uruguay
63%
Pennsylvania (Dec. 12, 1787)
63%
Circulatory
62.8%
Delaware (Dec. 7, 1787)
62.4%
Nervous
62.3%
Colombia
62.2%
6 geese a-laying
62.1%
% Correct
Digestive
61.9%
Sapphire
61.4%
New Jersey (Dec. 18, 1787)
61.4%
Maryland (Apr. 28, 1788)
60.7%
Judas Iscariot (Matthias later replaced Judas)
60.6%
Georgia (Jan. 2, 1788)
60.5%
Massachusetts (Feb. 6, 1788)
60.3%
Opal
59.5%
Connecticut (Jan. 9, 1788)
59.2%
Venezuela
58.9%
10 lords a-leaping
58.9%
New Hampshire (Jun. 21, 1788)
58.8%
7 swans a-swimming
58.6%
Aquarius
58.2%
Ox
58.2%
Aries
57.1%
Pisces
57.1%
Respiratory
56.1%
Bolivia
55.7%
Libra
55.5%
Ecuador
55.4%
Snake
55.3%
11 pipers piping
55.3%
Sagittarius
54.6%
Virgo
54.1%
9 ladies dancing
52.9%
12 drummers drumming
51.7%
Scorpio
51.3%
Pearl
50.9%
Pig
50.9%
Horse
50.4%
Topaz
50.2%
Tiger
50.1%
Monkey
46.8%
Ram
44.7%
Amethyst
44.1%
Simon
44%
Skeletal
41.8%
Guyana
41.6%
Joseph
41.6%
Muscular
40.3%
Endocrine
39.8%
Suriname
39.5%
James the Greater
39.4%
James the Lesser
39.4%
Garnet
39%
Rabbit
38.3%
Rooster
37.1%
% Correct
Reproductive
36.2%
Thomas
33.5%
Urinary
32.8%
Loyal
32%
Aquamarine
29.6%
Kind
26.1%
Dan
25.5%
Benjamin
25.1%
Andrew
24.3%
Turquoise
24.3%
Integumentary
23.8%
Helpful
23.4%
Trustworthy
23.2%
Brave
23%
Levi
23%
Immune
22.7%
Peridot
22.6%
Bartholomew (aka Nathaniel)
21.4%
Lymphatic
21.1%
Jude (aka Jude Thaddeus)
16.7%
Judah
15.7%
Reuben
15.2%
Friendly
13.8%
Philip
13.8%
Clean
13.4%
University of California, Berkeley
13%
University of California, Los Angeles
12.8%
Courteous
12.7%
Gad
12.6%
Simeon
12.5%
Asher
12.5%
Obedient
11.6%
Thrifty
11.6%
University of Southern California
11.4%
University of Washington
11.4%
University of Arizona
11.1%
University of Oregon
11%
Reverent
10.8%
Oregon State University
9.8%
Stanford University
9.8%
Cheerful
9.5%
Naphthali
9.4%
Arizona State University
9.2%
Washington State University
8.8%
Zebulon
8.5%
Issachar
8%
University of Utah
7.3%
University of Colorado, Boulder
5.9%

You're not logged in!

Compare scores with friends on all Sporcle quizzes.
OR
Log In

Sporcle TV

Today on Sporcle TV


Watch our educational content, quiz creation guides, and fun videos on Sporcle TV.

Show Comments

Extras

Top Quizzes Today


Score Distribution

Your Account Isn't Verified!

In order to create a playlist on Sporcle, you need to verify the email address you used during registration. Go to your Sporcle Settings to finish the process.

Report this User

Report this user for behavior that violates our Community Guidelines.

Details: